| 000 | 00765nam a2200229Ia 4500 | ||
|---|---|---|---|
| 003 | GCL | ||
| 008 | 140319s9999 xx 000 0 ara d | ||
| 040 |
_aGCL / _cGCL |
||
| 082 | 0 | 4 |
_aط _b591.5 _bا س |
| 100 | 1 | _aايفان كنودسن | |
| 245 | 1 | 0 |
_aسلسلة الحيوان: السلوك الاجتماعى / _cايفان كنودسن |
| 700 | 1 | _aناتور فوتر (تصوير) | |
| 700 | 1 | _aجون فييلو | |
| 700 | 1 | _aامين رشيد حمدى | |
| 260 |
_a[S.N] : _bدار الكتاب المصرى ، _c1977 |
||
| 300 | _a53 ص | ||
| 490 |
_aسلوك الحيوان _v0 |
||
| 650 | 0 | 4 | _aالاطفال |
| 650 | 0 | 4 | _aالسلوك الاجتماعى عند الحيوانات |
| 650 | 0 | 4 | _aالحيوانات - تربية |
| 942 |
_2ddc _cBK |
||
| 999 |
_c56378 _d56378 |
||